| 000 | 01535nam0a2200385 4500 | ||
|---|---|---|---|
| 001 | RU\NLR\BIBL_A\010306062 | ||
| 005 | 20260406130805.0 | ||
| 010 |
_a978-5-08-005178-4 _95000 |
||
| 021 |
_aRU _b2015-6231 _9392 |
||
| 021 |
_aRU _b2016-99295 _96606 |
||
| 021 |
_aRU _b2014-11040 _9708 |
||
| 035 | _a(NILC)RuMoRGB-006747769 | ||
| 035 | _a(NLR Aleph) 010306062 | ||
| 090 |
_a10617955 _c10617955 |
||
| 100 | _a20140415d2013 |||y0rusy50 ca | ||
| 101 | 0 | _arus | |
| 102 | _aRU | ||
| 105 | _aa|||z||||||f| | ||
| 200 | 1 |
_aФилипок _eбыли и рассказ _e[для младшего школьного возраста] _fЛ.Н. Толстой _gхудож.: Виктор Бритвин |
|
| 210 |
_aМосква _cДетская литература _d2013 |
||
| 215 |
_a15, [1] с. _cцв. ил. _d24 |
||
| 225 | 1 | _aКнига за книгой | |
| 327 | 1 | _aСодерж.: были: Птичка; Филипок; Косточка; Черемуха: рассказ | |
| 675 | _a821.161.1-93 | ||
| 686 | 0 | _aШ9(2)60=Р5-4 | |
| 700 | 1 |
_7ca _8rus _aТолстой _bЛ. Н. _f1828-1910 _gЛев Николаевич _9111537 _3RU\NLR\AUTH\771515 |
|
| 702 | 1 |
_4440 _7ca _8rus _aБритвин _bВ. Г. _cхудожник _f1955-2023 _gВиктор Глебович _938384 _3RU\NLR\AUTH\7755452 |
|
| 801 | 0 |
_aRU _bRuMoRKP _c20140227 _gRCR |
|
| 801 | 2 |
_aRU _bРГБ _c20140306 _grcr |
|
| 801 | 1 |
_aRU _bRuMoRKP _c20140227 _2rusmarc |
|
| 942 | _cBOOK | ||
| 980 | _aNB | ||